000 00985nam a22002537a 4500
005 20170124102949.0
010 _aB-151427
020 _c500.00
035 _aB-151427
037 _bCen Lib/Ret
040 _aDPL
_bHN
082 _a821
_bधवन
100 _aधवन, मधु
_946919
245 _aकालचक्र /
_cमधु धवन
246 _aKaalchakra /
_bby Madhu Dhawan
260 _aनई दिल्ली
_bबुक्स इंडिया इंटरनेशनल
_c2004
270 _bनई दिल्ली
_a2/35, अंसारी रोड, दरियागंज
_e110002
300 _axix,380पृ.
_c22सेमी(सजिल्द)
650 _aहिंदी साहित्य
_950858
650 _aहिंदी साहित्य -- कविता
_950859
650 _aHindi literature
_950860
650 _aHindi literature -- Poetry
_950861
942 _2ddc
_cHN
_h821
_mधवन
999 _c113148
_d113148